• 首页
  • 本馆介绍
  • 公告通知
  • 最新文献
  • 馆藏检索
  • 电子资源
  • 读者导购
  • 参考咨询
  • 我的图书馆
  • 登录
  • 详细信息显示
  • 放入我的书架
  • 预约/预借图书
  • 作者相关作品
  • 分类相关作品
  • 丛书相关作品
  • 出版社相关作品

书目信息

  • 表格格式
  • 工作单格式
  • 卡片格式
题名:
大学德语1—2(修订版)教师参考书
    
 
作者: 赵仲 , 张书良总 主编
分册:  
出版信息: 北京   高等教育出版社  2002
页数: 104页
开本: 26cm
丛书名:
单 册:
中图分类: H33
科图分类:
主题词: 德语
电子资源:
ISBN: 7-04-010231-5
000 00642nam0 2200205 450
001 0638839368
005 20070713154252.42
010    @a7-04-010231-5@dCNY7.60
100    @a20061016d2002 km y0chiy0120 ea
101 0  @achi
102    @aCN@b110000
200 1  @a大学德语1—2(修订版)教师参考书@Ada xue de yu 1—2(xiu ding ban)jiao shi can kao shu@f张书良总主编@f赵仲主编@Fzhao zhong zhu bian
210    @a北京@c高等教育出版社@d2002@h2003
215    @a104页@d26cm
606 0  @a德语
690    @aH33@v3
701  0 @a赵仲@Azhao zhong@4主编
701  0 @a张书良总@Azhang shu liang zong@4主编
801  0 @aCN@bPFT@c20070713
905    @a10447@dH33@e108
    
    大学德语1—2(修订版)教师参考书/张书良总主编/赵仲主编.-北京:高等教育出版社,2002(2003)
    104页;26cm
    
    
    ISBN 7-04-010231-5:CNY7.60
    
●
相关链接 在E读中查询图书 在五车中查询图书 在当当中查询图书 在豆瓣中查询图书


正题名:大学德语1—2(修订版)教师参考书     索取号:H33/108         预约/预借

序号 登录号 条形码 馆藏地/架位号 状态 备注
1 0764009   207640098   第二样本阅览室/ [索取号:H33/108] 在馆    
2 0764010   207640105   密集书库/ [索取号:H33/108] 在馆    
3 0764011   207640114   密集书库/ [索取号:H33/108] 在馆    
4 0764012   207640123   密集书库/ [索取号:H33/108] 在馆    
5 0764013   207640132   密集书库/ [索取号:H33/108] 在馆    
6 0764014   207640141   密集书库/ [索取号:H33/108] 在馆    
7 0764015   207640150   密集书库/ [索取号:H33/108] 在馆    
8 0764016   207640169   密集书库/ [索取号:H33/108] 在馆    
9 0764017   207640178   密集书库/ [索取号:H33/108] 在馆    
10 0764018   207640187   密集书库/ [索取号:H33/108] 在馆    
11 0764019   207640196   密集书库/ [索取号:H33/108] 在馆    
12 0764020   207640203   密集书库/ [索取号:H33/108] 在馆    
13 0764021   207640212   密集书库/ [索取号:H33/108] 在馆    
14 0764022   207640221   密集书库/ [索取号:H33/108] 在馆    
15 0764023   207640230   密集书库/ [索取号:H33/108] 在馆    
16 0764024   207640249   密集书库/ [索取号:H33/108] 在馆    
17 0764025   207640258   密集书库/ [索取号:H33/108] 在馆    
18 0764026   207640267   密集书库/ [索取号:H33/108] 在馆    
19 0764027   207640276   密集书库/ [索取号:H33/108] 在馆    
20 0764028   207640285   密集书库/ [索取号:H33/108] 在馆    
21 0764250   207642504   密集书库/ [索取号:H33/108] 在馆    
22 0764251   207642513   密集书库/ [索取号:H33/108] 在馆    
23 0777600   207776003   密集书库/ [索取号:H33/108] 在馆    
唐山师范学院图书馆 欢迎您!
大连网信软件有限公司© 版权所有